[Event "CZE-ch U16 Girls"]
[Site "Kouty nad Desnou"]
[Date "2024.03.16"]
[Round "9"]
[White "Kaplanova, Dominika"]
[Black "Hetfleischova, Elen"]
[Result "1-0"]
[WhiteElo "1837"]
[BlackElo "1699"]
[PlyCount "87"]
[EventDate "2024.03.09"]
[EventType "swiss"]
[EventRounds "9"]
[EventCountry "CZE"]
[SourceTitle "CB12_2024"]
[SourceDate "2023.10.01"]
[SourceVersion "1"]
[SourceVersionDate "2023.10.01"]
[SourceQuality "1"]

1. d4 Nf6 2. c4 e6 3. g3 d5 4. Nf3 Be7 5. Bg2 0-0 6. 0-0 c6 7. c5 b6 8. b4 a5 9. Ba3 axb4 10. Bxb4 bxc5 11. Bxc5 Bxc5 12. dxc5 Nbd7 13. Qc2 Ra5 14. Nd4 Rxc5 15. Qb2 e5 16. Nf3 Rb5 17. Qc3 Qb6 18. Nxe5 Nxe5 19. Qxe5 Re8 20. Qd6 Re6 21. Qf4 Rb4 22. Qf3 Ba6 23. Re1 Bxe2 24. Rxe2 Rxb1+ 25. Rxb1 Qxb1+ 26. Bf1 Rxe2 27. Qxe2 Qe4 28. Qa6 Qe6 29. Bh3 Qe1+ 30. Bf1 Qe8 31. a4 Kf8 32. Qb6 Qa8 33. a5 Ke8 34. a6 Nd7 35. Qc7 g6 36. a7 h5 37. Ba6 d4 38. Bc8 d3 39. Qxd7+ Kf8 40. Ba6 d2 41. Be2 c5 42. Qd6+ Kg7 43. Qxc5 Qe8 44. Qc3+ 1-0

[Event "Hradec Kralove Region-chT 2223"]
[Site "Czech Republic"]
[Date "2023.04.02"]
[Round "11.8"]
[White "Hetfleischova, Elen"]
[Black "Cap, Jaroslav"]
[Result "0-1"]
[WhiteElo "1517"]
[BlackElo "1702"]
[PlyCount "110"]
[EventDate "2022.10.09"]
[EventType "team-tourn"]
[EventRounds "11"]
[EventCountry "CZE"]
[SourceTitle "EXT 2024"]
[Source "ChessBase"]
[SourceDate "2023.10.10"]
[SourceVersion "1"]
[SourceVersionDate "2023.10.10"]
[SourceQuality "1"]

1. e4 c5 2. Nf3 d6 3. d4 cxd4 4. Nxd4 Nf6 5. Nc3 a6 6. a4 Nc6 7. Be3 e6 8. Be2 Be7 9. 0-0 0-0 10. f4 Qc7 11. Qe1 Bd7 12. Qg3 Rfe8 13. f5 e5 14. Bh6 Bf8 15. Nd5 Nxd5 16. exd5 Nxd4 17. Bd3 f6 18. c3 Nb3 19. Rae1 Bxa4 20. Rf3 Kh8 21. Qh4 Nc5 22. Bb1 Qf7 23. Be3 Bb3 24. Rh3 Qg8 25. c4 Ba4 26. Bxc5 dxc5 27. Be4 Bd6 28. Ree3 Re7 29. Ra3 Bd7 30. Rab3 b5 31. cxb5 Bxb5 32. Rbg3 Rf8 33. Qg4 Be8 34. Rxh7+ Qxh7 35. Rh3 Qxh3 36. Qxh3+ Kg8 37. g4 Rb7 38. Qg2 Rb4 39. h4 Bd7 40. Qe2 Bb5 41. Qg2 Bd7 42. Qe2 c4 43. Kh1 Rfb8 44. g5 Rxb2 45. Qh5 Be8 46. g6 c3 47. Qh7+ Kf8 48. Qh8+ Ke7 49. Qxg7+ Kd8 50. Qxf6+ Kc7 51. g7 c2 52. Qg5 Bf7 53. Qd2 Rb1+ 54. Kh2 c1Q 55. Qa5+ R1b6 0-1

[Event "CZE-ch U16 Girls"]
[Site "Teplice"]
[Date "2023.03.11"]
[Round "1"]
[White "Cinkova, Vicky"]
[Black "Hetfleischova, Elen"]
[Result "1-0"]
[WhiteElo "1285"]
[BlackElo "1623"]
[PlyCount "97"]
[EventDate "2023.03.11"]
[EventType "swiss"]
[EventRounds "9"]
[EventCountry "CZE"]
[SourceTitle "CBM 213 Extra"]
[Source "ChessBase"]
[SourceDate "2023.05.31"]
[SourceVersion "1"]
[SourceVersionDate "2023.05.31"]
[SourceQuality "1"]

1. e4 c5 2. Nf3 Nc6 3. d4 cxd4 4. Nxd4 g6 5. Nc3 Bg7 6. Be3 Nf6 7. Be2 0-0 8. Nb3 a6 9. 0-0 b5 10. a3 d6 11. f4 Qc7 12. Bf3 Bb7 13. Nd5 Nxd5 14. exd5 Na5 15. Nxa5 Qxa5 16. c3 Rad8 17. Kh1 Qc7 18. Re1 Bc8 19. Re2 e5 20. dxe6 fxe6 21. Qb3 Kh8 22. a4 Qc4 23. Qxc4 bxc4 24. Bb6 Rde8 25. Bc6 Re7 26. Rd1 Rxf4 27. Rxd6 Rf1+ 28. Bg1 Bf8 29. Rd8 Rc7 30. Rf2 Rxf2 31. Bxf2 Kg7 32. Bf3 Be7 33. Bd4+ Kh6 34. Rh8 Bb7 35. Bxb7 Rxb7 36. Ra8 Rxb2 37. g3 Kg5 38. Rxa6 Re2 39. Ra7 Ba3 40. Rxh7 Kg4 41. Rh4+ Kg5 42. a5 e5 43. Bg1 e4 44. a6 Re1 45. Kg2 e3 46. a7 e2 47. Kf2 Ra1 48. Kxe2 Bb2 49. Rxc4 1-0

[Event "EU Union-ch U14"]
[Site "Pec pod Snezkou"]
[Date "2022.08.26"]
[Round "5"]
[White "Hetfleischova, Elen"]
[Black "Kuzmina, Oleksandra"]
[Result "1-0"]
[WhiteElo "1352"]
[BlackElo "1144"]
[PlyCount "41"]
[EventDate "2022.08.22"]
[EventType "swiss"]
[EventRounds "9"]
[EventCountry "CZE"]
[SourceTitle "EXT 2023"]
[Source "ChessBase"]
[SourceDate "2022.10.05"]
[SourceVersion "1"]
[SourceVersionDate "2022.10.05"]
[SourceQuality "1"]

1. e4 e5 2. f4 exf4 3. Nf3 Ne7 4. d4 Ng6 5. Bc4 c6 6. Nc3 Bb4 7. 0-0 Bxc3 8. bxc3 0-0 9. Ne5 Nxe5 10. dxe5 Qb6+ 11. Kh1 Qc5 12. Qd3 Qxe5 13. Bxf4 Qa5 14. Bd6 Rd8 15. Rxf7 Kh8 16. Qd4 Rg8 17. Be5 h6 18. Bxg7+ Kh7 19. Qf6 Qg5 20. Bxh6+ Rg7 21. Rxg7+ 1-0

[Event "CZE-ch U14 Girls"]
[Site "Luhacovice"]
[Date "2022.03.15"]
[Round "5"]
[White "Hetfleischova, Elen"]
[Black "Rybackova, Lucie"]
[Result "0-1"]
[WhiteElo "1363"]
[BlackElo "1617"]
[PlyCount "66"]
[EventDate "2022.03.12"]
[EventType "swiss"]
[EventRounds "9"]
[EventCountry "CZE"]
[SourceTitle "EXT 2023"]
[Source "ChessBase"]
[SourceDate "2022.10.05"]
[SourceVersion "1"]
[SourceVersionDate "2022.10.05"]
[SourceQuality "1"]

1. e4 c5 2. Nf3 Nc6 3. d4 cxd4 4. Nxd4 Nf6 5. Nc3 e5 6. Nxc6 bxc6 7. Bc4 Bb4 8. Qd3 d5 9. exd5 cxd5 10. Bb5+ Bd7 11. 0-0 Bxc3 12. Bxd7+ Nxd7 13. Qxc3 0-0 14. Qg3 Qf6 15. Qg5 Qxg5 16. Bxg5 f6 17. Be3 d4 18. Bd2 Rab8 19. b4 Rfc8 20. Rfc1 Nb6 21. a4 Nd5 22. Rab1 Rc4 23. Rb3 Nxb4 24. Rcb1 a5 25. g3 Rxc2 26. R3b2 Rxb2 27. Rxb2 Kf7 28. Kf1 Ke6 29. Ke2 Kd5 30. f3 f5 31. h3 e4 32. f4 e3 33. Bxe3 Re8 0-1

[Event "EU Union-ch U12"]
[Site "Kouty nad Desnou"]
[Date "2020.08.17"]
[Round "4"]
[White "Hetfleischova, Elen"]
[Black "Kulczycka, Zofia"]
[Result "0-1"]
[WhiteElo "1299"]
[BlackElo "1524"]
[PlyCount "66"]
[EventDate "2020.08.14"]
[EventType "swiss"]
[EventRounds "9"]
[EventCountry "CZE"]
[SourceTitle "EXT 2021"]
[Source "ChessBase"]
[SourceDate "2020.10.23"]
[SourceVersion "1"]
[SourceVersionDate "2020.10.23"]
[SourceQuality "1"]

1. e4 c5 2. Nf3 Nc6 3. d4 cxd4 4. Nxd4 Nf6 5. Nc3 g6 6. Be3 Bg7 7. Bc4 0-0 8. f3 Qb6 9. Qd2 Nxe4 10. fxe4 Bxd4 11. Bxd4 Qxd4 12. Qxd4 Nxd4 13. 0-0-0 Nc6 14. h4 d6 15. Rdg1 h5 16. Be2 Ne5 17. Nd5 Bg4 18. Bxg4 Nxg4 19. Re1 e6 20. Ne3 Nxe3 21. Rxe3 Rad8 22. g4 Kh7 23. gxh5 gxh5 24. Rf3 Rd7 25. Rg1 Rg8 26. Rd1 Rg4 27. e5 d5 28. Rh3 Re4 29. Rg1 Rxe5 30. Rhg3 f6 31. Rf3 Rg7 32. Rgf1 f5 33. b3 Re4 0-1

[Event "CZE-ch U10 Girls"]
[Site "Kouty nad Desnou"]
[Date "2017.03.18"]
[Round "9"]
[White "Coufalova, Laura"]
[Black "Hetfleischova, Elen"]
[Result "1-0"]
[WhiteElo "1100"]
[BlackElo "1100"]
[PlyCount "53"]
[EventDate "2017.03.11"]
[EventType "swiss"]
[EventRounds "9"]
[EventCountry "CZE"]
[SourceTitle "CBM 177 Extra"]
[Source "ChessBase"]
[SourceDate "2017.04.27"]
[SourceVersion "1"]
[SourceVersionDate "2017.04.27"]
[SourceQuality "1"]

1. e4 e5 2. Nf3 f5 3. exf5 Nf6 4. Nxe5 Nc6 5. Qe2 Nxe5 6. Qxe5+ Be7 7. d4 d6 8. Qf4 d5 9. Nc3 Qd6 10. Qxd6 Bxd6 11. Bd3 Bd7 12. 0-0 0-0-0 13. Bg5 h6 14. Bxf6 gxf6 15. Nxd5 h5 16. Nxf6 Rdf8 17. Nxd7 Kxd7 18. Rfe1 h4 19. h3 Rh5 20. g4 hxg3 21. fxg3 Bxg3 22. Rf1 Rg8 23. f6 Bd6+ 24. Kf2 Rf8 25. Ke2 Rxh3 26. Bf5+ Kc6 27. Bxh3 1-0

[Event "CZE-ch U10 Girls"]
[Site "Kouty nad Desnou"]
[Date "2017.03.16"]
[Round "7"]
[White "Havelkova, Beata"]
[Black "Hetfleischova, Elen"]
[Result "1-0"]
[WhiteElo "1263"]
[BlackElo "1100"]
[PlyCount "51"]
[EventDate "2017.03.11"]
[EventType "swiss"]
[EventRounds "9"]
[EventCountry "CZE"]
[SourceTitle "CBM 177 Extra"]
[Source "ChessBase"]
[SourceDate "2017.04.27"]
[SourceVersion "1"]
[SourceVersionDate "2017.04.27"]
[SourceQuality "1"]

1. e4 e5 2. Nf3 Nc6 3. Bb5 Nf6 4. 0-0 Bc5 5. Re1 d6 6. h3 Bd7 7. c3 a6 8. Ba4 Qe7 9. Bc2 0-0-0 10. d4 d5 11. dxc5 Nxe4 12. Qxd5 Nf6 13. Qd3 e4 14. Qe2 Qxc5 15. Ng5 Rhf8 16. Be3 Qf5 17. Nd2 h6 18. Ngxe4 Qe5 19. Rad1 Bf5 20. Nf3 Qa5 21. Nxf6 gxf6 22. b4 Qxa2 23. Bxf5+ Qe6 24. Bxe6+ fxe6 25. Rxd8+ Rxd8 26. Bxh6 1-0

[Event "CZE-ch U10 Girls"]
[Site "Kouty nad Desnou"]
[Date "2017.03.13"]
[Round "3"]
[White "Veverkova, Dorota"]
[Black "Hetfleischova, Elen"]
[Result "1-0"]
[WhiteElo "1048"]
[BlackElo "1100"]
[PlyCount "31"]
[EventDate "2017.03.11"]
[EventType "swiss"]
[EventRounds "9"]
[EventCountry "CZE"]
[SourceTitle "CBM 177 Extra"]
[Source "ChessBase"]
[SourceDate "2017.04.27"]
[SourceVersion "1"]
[SourceVersionDate "2017.04.27"]
[SourceQuality "1"]

1. e4 e5 2. Nf3 Nc6 3. Bc4 Nf6 4. Ng5 d5 5. exd5 Nxd5 6. Nxf7 Kxf7 7. Qf3+ Ke8 8. Bxd5 Qe7 9. Bxc6+ Kd8 10. Qd5+ Bd7 11. Bxd7 Rb8 12. Bg4+ Ke8 13. 0-0 h5 14. Bf5 c6 15. Bg6+ Qf7 16. Bxf7+ 1-0